|
|
|
|
| LEADER |
01246nam a22003254a 4500 |
| 001 |
36323 |
| 003 |
BD-DhAAL |
| 005 |
20211130130828.0 |
| 008 |
190930t2005 enk b 001 0 eng d |
| 999 |
|
|
|c 41496
|d 41496
|
| 010 |
|
|
|a 2004116991
|
| 020 |
|
|
|a 1412910242
|
| 020 |
|
|
|a 9781412910248
|
| 020 |
|
|
|a 1412910234
|
| 040 |
|
|
|a DLC
|c DLC
|d DLC
|d BD-DhAAL
|
| 042 |
|
|
|a pcc
|
| 050 |
0 |
0 |
|a LB1139.5.L35
|b W52 2005
|
| 082 |
0 |
0 |
|a 372.6
|2 22
|
| 100 |
1 |
|
|a White, Hilary,
|d 1960-
|9 35708
|
| 245 |
1 |
0 |
|a Developing literacy skills in the early years :
|b a practical guide /
|c Hilary White.
|
| 260 |
|
|
|a London ;
|a Thousand Oaks, Calif. :
|b PCP/Sage Publications,
|c c2005.
|
| 300 |
|
|
|a viii, 132 pages ;
|c 30 cm.
|
| 504 |
|
|
|a Includes bibliographical references (pages 125) and index.
|
| 526 |
|
|
|a BIED
|
| 541 |
|
|
|a Complimentary copy from BIED
|e 36323
|
| 650 |
|
0 |
|a English language
|x Study and teaching (Early childhood).
|9 35709
|
| 650 |
|
0 |
|a Education.
|9 35710
|
| 852 |
|
|
|a Ayesha Abed Library
|c BIED Collection
|
| 942 |
|
|
|2 ddc
|c BK
|
| 952 |
|
|
|0 0
|1 0
|2 ddc
|4 0
|6 372_600000000000000_WHI
|7 0
|9 66609
|a BRACUL
|b BRACUL
|c GEN
|d 2019-09-30
|e Complimentary copy from BIED
|l 0
|o 372.6 WHI
|p 3010036323
|r 2019-09-30
|t 1
|w 2019-09-30
|y BK
|x Transferred from BIED to General Stacks
|